Nueve estudios sobre la Legio VII Gemina y su campamento en León / (Record no. 69353)

MARC details
000 -LEADER
campo de control de longitud fija 00766nam a2200217 i 4500
001 - NÚMERO DE CONTROL
campo de control 69353
003 - IDENTIFICADOR DE NÚMERO DE CONTROL
campo de control ES-MaACL
005 - FECHA Y HORA DE LA ÚLTIMA TRANSACCIÓN
campo de control 20230906170512.0
007 - CAMPO FIJO DE DESCRIPCIÓN FÍSICA--INFORMACIÓN GENERAL
campo de control de longitud fija t|
008 - DATOS DE LONGITUD FIJA--INFORMACIÓN GENERAL
campo de control de longitud fija 040705s1968 sp f |||| | spa d
080 ## - NÚMERO DE LA CLASIFICACIÓN DECIMAL UNIVERSAL
Número de la Clasificación Decimal Universal 94(460.181).013
080 ## - NÚMERO DE LA CLASIFICACIÓN DECIMAL UNIVERSAL
Número de la Clasificación Decimal Universal 904(460.181):7.032(37)'02/04
100 1# - ENTRADA PRINCIPAL--NOMBRE DE PERSONA
Nombre de persona García y Bellido, Antonio.
9 (RLIN) 55426
245 10 - MENCIÓN DEL TÍTULO
Título Nueve estudios sobre la Legio VII Gemina y su campamento en León /
Mención de responsabilidad, etc. por Antonio García-Bellido.
260 ## - PUBLICACIÓN, DISTRIBUCIÓN, ETC.
Lugar de publicación, distribución, etc. León :
Nombre del editor, distribuidor, etc. Diputación Provincial de León,
Fecha de publicación, distribución, etc. 1968.
300 ## - DESCRIPCIÓN FÍSICA
Extensión 63 p., 42 lám. ;
Dimensiones 27 cm.
651 #4 - PUNTO DE ACCESO ADICIONAL DE MATERIA--NOMBRE GEOGRÁFICO
Nombre geográfico León-
Subdivisión general Historia-
Subdivisión cronológica Hasta S. V.
9 (RLIN) 140497
651 #4 - PUNTO DE ACCESO ADICIONAL DE MATERIA--NOMBRE GEOGRÁFICO
Nombre geográfico León (Provincia)-
Subdivisión general Restos arqueológicos.
9 (RLIN) 162260
710 2# - ENTRADA AGREGADA--NOMBRE DE ENTIDAD CORPORATIVA
Nombre de entidad corporativa o nombre de jurisdicción como elemento de entrada León (Provincia).
Unidad subordinada Diputación Provincial.
9 (RLIN) 5494
852 ## - LOCALIZACIÓN
Ubicación ES-MaACL
Número de control de estantería C-56947
Holdings
Estatus retirado Estado de pérdida Estado de daño No para préstamo Biblioteca de origen Biblioteca actual Ubicación en estantería Fecha de adquisición Fuente de adquisición Total de préstamos Signatura topográfica completa Código de barras Visto por última vez Precio de reemplazo Tipo de ítem Koha
        Biblioteca del Ateneo de Madrid Biblioteca del Ateneo de Madrid Depósito 2 17/01/2008     C-56947 1072622 23/02/2023 23/02/2023 Libro impreso